<?xml version="1.0" encoding="UTF-8"?>
<record
    xmlns:xsi="http://www.w3.org/2001/XMLSchema-instance"
    xsi:schemaLocation="http://www.loc.gov/MARC21/slim http://www.loc.gov/standards/marcxml/schema/MARC21slim.xsd"
    xmlns="http://www.loc.gov/MARC21/slim">

  <leader>01046aab a2200217   4500</leader>
  <controlfield tag="001">768714001</controlfield>
  <controlfield tag="003">CO-MdFUSB</controlfield>
  <controlfield tag="005">20250804124342.0</controlfield>
  <controlfield tag="008">240419t1994    ag ||||| |||| 00| 0 spa d</controlfield>
  <datafield tag="040" ind1=" " ind2=" ">
    <subfield code="b">spa</subfield>
    <subfield code="c">CO-MdFUSB</subfield>
  </datafield>
  <datafield tag="041" ind1=" " ind2=" ">
    <subfield code="a">spa</subfield>
  </datafield>
  <datafield tag="100" ind1="1" ind2=" ">
    <subfield code="a">Padilla, C. Ren&#xE9;</subfield>
    <subfield code="e">autor</subfield>
  </datafield>
  <datafield tag="245" ind1=" " ind2=" ">
    <subfield code="a">Si la sal pierde su sabor...</subfield>
    <subfield code="c">/ C. Ren&#xE9; Padilla</subfield>
  </datafield>
  <datafield tag="300" ind1=" " ind2=" ">
    <subfield code="a">Volumen 13, n&#xFA;mero 2 (abril - junio, 1994), p&#xE1;gina: 1 ; 8</subfield>
    <subfield code="c">; 27 cm</subfield>
  </datafield>
  <datafield tag="520" ind1=" " ind2=" ">
    <subfield code="a">Aunque el cristianismo prioriza el conocimiento doctrinal, todav&#xED;a carece de la claridad que se puede encontrar en las ense&#xF1;anzas b&#xED;blicas. El cristianismo, que no estudia la palabra de Dios y  no considera con seriedad los caminos del Se&#xF1;or, se desv&#xED;a de esto hacia "la religiosidad de los hombres", concepto que dista mucho de ser cristiano.</subfield>
  </datafield>
  <datafield tag="650" ind1=" " ind2="7">
    <subfield code="a">Cristianismo</subfield>
    <subfield code="9">22</subfield>
  </datafield>
  <datafield tag="650" ind1=" " ind2="7">
    <subfield code="a">Teolog&#xED;a pastoral y unidad cristiana</subfield>
    <subfield code="9">7183</subfield>
  </datafield>
  <datafield tag="773" ind1="0" ind2=" ">
    <subfield code="t">Iglesia y Misi&#xF3;n</subfield>
    <subfield code="0">49402</subfield>
    <subfield code="9">59647</subfield>
    <subfield code="g">Volumen 13, n&#xFA;mero 2 (abril - junio, 1994), p&#xE1;gina: 1 ; 8</subfield>
    <subfield code="q">p&#xE1;gina: 1</subfield>
  </datafield>
  <datafield tag="942" ind1=" " ind2=" ">
    <subfield code="c">ANA</subfield>
  </datafield>
  <datafield tag="945" ind1=" " ind2=" ">
    <subfield code="a">JTF-925</subfield>
  </datafield>
  <datafield tag="999" ind1=" " ind2=" ">
    <subfield code="c">52070</subfield>
    <subfield code="d">52070</subfield>
  </datafield>
</record>
